Sports Quiz

Random Sports or MLB Quiz
Score 0/123 Timer 10:00
10 Plays Today
HRs Player % Correct
45Chipper Jones
97.5%
38Chipper Jones
97.5%
36Chipper Jones
97.5%
34Chipper Jones
97.5%
30Chipper Jones
97.5%
30Chipper Jones
97.5%
29Chipper Jones
97.5%
27Chipper Jones
97.5%
26Chipper Jones
97.5%
26Chipper Jones
97.5%
51Andruw Jones
97.1%
41Andruw Jones
97.1%
36Andruw Jones
97.1%
36Andruw Jones
97.1%
35Andruw Jones
97.1%
34Andruw Jones
97.1%
31Andruw Jones
97.1%
29Andruw Jones
97.1%
26Andruw Jones
97.1%
26Andruw Jones
97.1%
47Hank Aaron
95.7%
45Hank Aaron
95.7%
44Hank Aaron
95.7%
44Hank Aaron
95.7%
44Hank Aaron
95.7%
44Hank Aaron
95.7%
40Hank Aaron
95.7%
40Hank Aaron
95.7%
39Hank Aaron
95.7%
39Hank Aaron
95.7%
38Hank Aaron
95.7%
34Hank Aaron
95.7%
34Hank Aaron
95.7%
32Hank Aaron
95.7%
30Hank Aaron
95.7%
29Hank Aaron
95.7%
27Hank Aaron
95.7%
26Hank Aaron
95.7%
31Mack Jones
95.5%
38Freddie Freeman
83.5%
44Dale Murphy
76.4%
HRs Player % Correct
37Dale Murphy
76.4%
36Dale Murphy
76.4%
36Dale Murphy
76.4%
36Dale Murphy
76.4%
33Dale Murphy
76.4%
29Dale Murphy
76.4%
41Ronald Acuña Jr.
75.5%
34Freddie Freeman
70.6%
28Freddie Freeman
70.6%
47Eddie Mathews
64.1%
46Eddie Mathews
64.1%
41Eddie Mathews
64.1%
40Eddie Mathews
64.1%
39Eddie Mathews
64.1%
37Eddie Mathews
64.1%
32Eddie Mathews
64.1%
32Eddie Mathews
64.1%
32Eddie Mathews
64.1%
31Eddie Mathews
64.1%
29Eddie Mathews
64.1%
25Eddie Mathews
64.1%
40David Justice
63.8%
28David Justice
63.8%
43Javy Lopez
63.7%
34Javy Lopez
63.7%
34Fred McGriff
63.3%
28Fred McGriff
63.3%
27Fred McGriff
63.3%
37Josh Donaldson
56.8%
43Davey Johnson
53.4%
36Ron Gant
49%
32Ron Gant
49%
32Ron Gant
49%
39Gary Sheffield
44.9%
25Gary Sheffield
44.9%
35Bob Horner
42.8%
33Bob Horner
42.8%
32Bob Horner
42.8%
27Bob Horner
42.8%
27Bob Horner
42.8%
44Andres Galarraga
41.7%
HRs Player % Correct
28Andres Galarraga
41.7%
26Ronald Acuña Jr.
40.2%
34Ryan Klesko
37.2%
36Dan Uggla
36.5%
41Darrell Evans
33.5%
25Darrell Evans
33.5%
36Joe Torre
31.5%
27Joe Torre
31.5%
33Earl Williams
29.2%
28Earl Williams
29.2%
27Jason Heyward
28.8%
29Justin Upton
26.4%
27Justin Upton
26.4%
38Joe Adcock
22.2%
35Joe Adcock
22.2%
29Joe Adcock
22.2%
25Joe Adcock
22.2%
25Joe Adcock
22.2%
25Brian Jordan
20.8%
41Jeff Burroughs
19.9%
27Gary Matthews
17.5%
29Jeff Francoeur
16.9%
25Rico Carty
16.4%
25Frank Thomas
16.1%
31J.D. Drew
15.5%
31Felipe Alou
14.6%
32Adam LaRoche
13.8%
34Orlando Cepeda
13.4%
38Wally Berger
11.1%
34Wally Berger
11.1%
34Wally Berger
11.1%
27Wally Berger
11.1%
25Wally Berger
11.1%
26Del Crandall
7.8%
27Ozzie Virgil
5.7%
26Clete Boyer
5.6%
28Tommy Holmes
5.4%
29Sid Gordon
4.3%
27Sid Gordon
4.3%
25Sid Gordon
4.3%
25Chuck Workman
1.6%

You're not logged in!

Compare scores with friends on all Sporcle quizzes.
OR
Log In

Sporcle TV

Today on Sporcle TV


Watch our educational content, quiz creation guides, and fun videos on Sporcle TV.

Show Comments

Extras

Top Quizzes Today


Score Distribution

Paid Content

Your Account Isn't Verified!

In order to create a playlist on Sporcle, you need to verify the email address you used during registration. Go to your Sporcle Settings to finish the process.

Report this User

Report this user for behavior that violates our Community Guidelines.

Details: